• 首页
  • 本馆介绍
  • 公告通知
  • 最新文献
  • 馆藏检索
  • 电子资源
  • 读者导购
  • 参考咨询
  • 我的图书馆
  • 登录
  • 详细信息显示
  • 放入我的书架
  • 预约/预借图书
  • 作者相关作品
  • 分类相关作品
  • 丛书相关作品
  • 出版社相关作品

书目信息

  • 表格格式
  • 工作单格式
  • 卡片格式
题名:
从求解多项式方程到阿贝尔不可能性定理
    
 
作者: 冯承天 著
分册:  
出版信息: 上海   华东师范大学出版社  2019.10
页数: 123页
开本: 24cm
丛书名:
单 册:
中图分类: O122.2
科图分类:
主题词: 高次方程--gao ci fang cheng--研究
电子资源:
ISBN: 978-7-5675-8739-7
000 01177nam0 2200253 450
001 0109110246
005 20201109150128.57
010    @a978-7-5675-8739-7@dCNY38.00
100    @a20200408d2019 em y0chiy50 ea
101 0  @achi
102    @aCN@b310000
105    @ay z 000yy
106    @ar
200 1  @a从求解多项式方程到阿贝尔不可能性定理@Acong qiu jie duo xiang shi fang cheng dao a bei er bu ke neng xing ding li@e细说五次方程无求根公式@f冯承天著
205    @a2版
210    @a上海@c华东师范大学出版社@d2019.10
215    @a123页@d24cm
330    @a本书分为六个部分,从“多项式方程的求解与数系的扩张”、“整数的一些基本概念、定理与理论”、“数域、扩域与代数扩域的一些基本理论”、“多项式的一些基本概念、定理与理论”、“阿贝尔引理、阿贝尔不可约定理以及一些重要的扩域”、“多项式方程的根式求解、克罗内克定理与鲁菲尼—阿贝尔定理”逐步展开,尽可能地用通俗易懂的方式细说“不可能性定理”的种种方面。
517 1  @a细说五次方程无求根公式@Axi shuo wu ci fang cheng wu qiu gen gong shi
606 0  @a高次方程@Agao ci fang cheng@x研究
690    @aO122.2@v5
701  0 @a冯承天@Afeng cheng tian@4著
801  0 @aCN@bBJSZM@c20201103
905    @b1242003-6@dO122.2@e98=2@f4
    
    从求解多项式方程到阿贝尔不可能性定理:细说五次方程无求根公式/冯承天著.-2版.-上海:华东师范大学出版社,2019.10
    123页;24cm
    
    
    ISBN 978-7-5675-8739-7:CNY38.00
    本书分为六个部分,从“多项式方程的求解与数系的扩张”、“整数的一些基本概念、定理与理论”、“数域、扩域与代数扩域的一些基本理论”、“多项式的一些基本概念、定理与理论”、“阿贝尔引理、阿贝尔不可约定理以及一些重要的扩域”、“多项式方程的根式求解、克罗内克定理与鲁菲尼—阿贝尔定理”逐步展开,尽可能地用通俗易懂的方式细说“不可能性定理”的种种方面。
●
相关链接 在E读中查询图书 在五车中查询图书 在当当中查询图书 在豆瓣中查询图书


正题名:从求解多项式方程到阿贝尔不可能性定理     索取号:O122.2/98=2         预约/预借

序号 登录号 条形码 馆藏地/架位号 状态 备注
1 1242003   212420030   第二样本阅览室/ [索取号:O122.2/98=2] 在馆    
2 1242004   212420049   第三借阅区/ [索取号:O122.2/98=2] 在馆    
3 1242005   212420058   第三借阅区/ [索取号:O122.2/98=2] 在馆    
4 1242006   212420067   第三借阅区/ [索取号:O122.2/98=2] 在馆    
唐山师范学院图书馆 欢迎您!
大连网信软件有限公司© 版权所有